000 00491ntaaa2200193 4500
003 01
005 20251027201639.0
008 0714s1973 ag 01
040 _aAR-BaBN
_bspa
_cAR-BaBN
_eaacr
_dRIC
082 _a232.0000 V75
100 _aVine, Aubrey R
_915180
245 _aApproach to christology
250 _a1 ed.
260 _as.l. :
_bIndependent Press,
_cc1948
300 _a491 p
650 _ateología-Jesucristo
_912427
650 _aJesucristo-teología
_91204
942 _cBK
999 _c11168
_d11168